| 000 | 01636cam a2200157 4500500 | ||
|---|---|---|---|
| 005 | 20260208010004.0 | ||
| 041 | _afre | ||
| 042 | _adc | ||
| 100 | 1 | 0 |
_aQuéro, Dominique _eauthor |
| 245 | 0 | 0 | _aJEAN CHRISTINE SOULAS D’ALLAINVAL, L’École des bourgeois suivi de L’Embarras des richesses. Édition établie et présentée par MARTIAL POIRSON. Saint-Gély-du-Fesc, Éditions Espaces 34, 2006. Un vol. 13 × 21 de 188 p. |
| 260 | _c2010. | ||
| 500 | _a67 | ||
| 520 | _aL’œuvre de Jean-Paul de Dadelsen nous est parvenue essentiellement par l’intermédiaire d’un volume de poésie, publié chez Gallimard en 1962 sous le titre de Jonas, puis réédité en 2005, dans une version qui adjoint au précédent corpus un nouvel ensemble de textes. Écrite dans l’urgence, cette œuvre poignante évoque avec la même vigueur l’enfance alsacienne, la Seconde Guerre mondiale et le cancer dont meurt Dadelsen en 1957. Bien qu’intime et autobiographique, la poésie de Dadelsen dialogue avec divers corpus philosophiques, parmi lesquels la tradition platonicienne. Ce lien se manifeste sur le plan de la topologie et de la cosmologie que dessine Jonas, mais aussi de la psychologie que suppose le recueil — entendue au sens de science des âmes ; en dernier lieu, l’Éros dadelsenien, puissance ambiguë, paraît comparable, dans une certaine mesure, à l’Éros platonicien. | ||
| 786 | 0 | _nRevue d'histoire littéraire de la France | 110 | 1 | 2010-03-01 | p. 191k-213k | 0035-2411 | |
| 856 | 4 | 1 | _uhttps://shs.cairn.info/revue-d-histoire-litteraire-de-la-france-2010-1-page-191k?lang=fr&redirect-ssocas=7080 |
| 999 |
_c1654728 _d1654728 |
||